Trouve les personnages du Lakaka Lore - Statistiques

Statistiques générales
  • Ce quiz a été pris 145 fois
  • Le résultat moyen est 8 sur 10
Statistiques - réponses
Question Réponse % Correct
Trouve le personnage de Larry Le Malicieux
98%
Trouve le personnage de l'électricieeeeeeen.
96%
Trouve le personnage d'Oupi Goupi
91%
Qui est Mastermind ?
91%
Qui est le Lobotomisateur ?
86%
Lequel de ces personnages est l'Homme génial ?
78%
Trouve Gobeul Le Squelette
78%
Trouve le personnage de : John
71%
Trouve Génialus Maximus IV
60%
Qui est le personnage d'Oupina ?
35%
Aucun quiz correspondant
Distribution des résultats
% des personnes avec chaque résultat
Percentile par nombre de réponses
Votre historique - résultats
Vous n’avez pas pris ce quiz